000 00580nam a22002057a 4500
003 OSt
005 20151024183706.0
008 151024b xxu||||| |||| 00| 0 eng d
020 _a9780393707588
040 _cDDC
082 _a370.15 OGR 2013
100 _aOgrady, Patty
_95907
245 _aPositive psychology in the elementary school classroom
260 _aNew York;
_bW.W. Norton&Co',
_c2013
300 _axx,365p;
_bill:
_c23cm
504 _aAppendices, notes, & index included
650 _aPsychology
_931
650 _aElementary education
_95908
942 _2z
_cO_SHELF
999 _c2359
_d2359